Cities Being Painted - Statistics

General Stats
  • This quiz has been taken 52,069 times
  • The average score is 8 of 10
Answers on the Map
Answers color-coded by a green-red scale on the quiz's map according to % correct below.
 
Answer Stats
Answer % Correct
Paris
99%
Sydney
97%
Rio de Janeiro
94%
Giza
93%
Washington D.C
90%
Dubai
88%
Seattle
72%
Singapore
55%
Florence
43%
Cape Town
27%
No matching quizzes found
Score Distribution
Percent of People with Each Score
Percentile by Number Answered
Your Score History
You have not taken this quiz